Disney Songs dem passenden Film zuordnen - Statistiken

Allgemein
  • Dieses Quiz wurde 628 mal gespielt
  • Das Durchschnittsergebnis liegt bei 8 aus 12
Antwortstatistiken
Song Name Film % Korrekt
Hakuna Matata König der Löwen
97%
Probiers mal mit Gemütlichkeit Das Dschungelbuch
96%
Lass jetzt los! (Let it go!) Die Eiskönigin
96%
Unter dem Meer Arielle
85%
Kann es wirklich Liebe sein König der Löwen
79%
Ich will jetzt gleich König sein! König der Löwen
78%
You got a friend in me Toy Story
74%
Endlich sehe ich das Licht Rapunzel
62%
Märchen schreibt die Zeit Die Schöne und das Biest
55%
Dir gehört mein Herz Tarzan
54%
Ich bin bereit! Vaiana
45%
Ein Traum wird wahr Aladdin
27%
Keine übereinstimmenden Quizze gefunden
Verteilung der Resultate
Anzahl Personen mit jedem Resultat
Perzentil nach korrekt beantworteten Fragen
Ihre Resultats-Entwicklung
Sie haben dieses Quiz noch nicht gespielt